000 00526nam a2200181Ia 4500
005 20250326123648.0
008 250326s9999 xx 000 0 und d
037 _aTextbook
040 _aFMSL
_beng
_cFMSL
041 _aeng
_2eng
084 _aX9W M5
_qFMSL
100 _aRavishankar S
245 0 _aManagement of human resources in public enterprises
_cRavishankar S; Mishra R K
260 _aNew Delhi
_bNew Delhi, Vision Books
_c1985
300 _a304p
942 _cTB
_hX9W M5
999 _c1270383
_d1270383